00928pam a2200277 ia4500001001400000003000400014005001700018008004100035015001400076020002300090020003800113040002900151082001200180100004500192245004800237264006200285300006700347336002100414337002500435338002300460490003300483650003600516650003100552650003400583830003300617vtls000866143PNM20210124015518.0181122s2019 my ao j 000 0 may  aM19-06687 a9789672254119qset a9789672254195qpaperbackcRM36.12 aBNMbengcBNMerdadPPAK04a6122230 aSafiatul Atiqah Razalli,d1989-eauthor.10aTulang Yang Kuat /cSafiatul Atiqah Razalli 1aPetaling Jaya, Selangor :bPENERBIT PRISMA SDN BHD,c2019 a46 pages :bcolour illustrations, colour photographs ;c25 cm. atext2rdacontent aunmediated2rdamedia avolume2rdacarrier1 aUNIKNYA ORGAN DAN TUBUH KITA10aHuman bodyvJuvenile literature20aBonesvJuvenile literature20aSkeletonvJuvenile literature 0aUniknya organ dan tubuh kita